000 01679cam a22004577a 4500
001 000092708
003 CHAP
005 20220329142900.0
008 041208d2004 mx r 00110 spa d
010 _a89174
011 _a90146
035 _a100702
040 _cCHAP
090 _aTesis
100 0 0 _aGarcía Pérez, Rafael Ernesto.
_946457
245 1 0 _aEl imaginario de la evaluación del aprendizaje en la Universidad Autónoma Chapingo /
_c/por Rafael Ernesto García Pérez.
260 _aChapingo, Méx. :
_bEl autor,
_c2004.
300 _a158 h. :
_bcuadros.
502 _aTesis (Dr. en Ciencias en Educación Agrícola Superior) -- UACH. Departamento de Sociologóa Rural
590 _aALEPH
_b10
_c20130110
_lUCH01
_h1502
590 _aBATCH-UPD
_b10
_c20130110
_lUCH01
_h1850
590 _aBATCH-UPD
_b10
_c20130410
_lUCH01
_h1219
590 _aBATCH-UPD
_b10
_c20130914
_lUCH01
_h1334
590 _aBATCH-UPD
_b10
_c20140324
_lUCH01
_h1447
590 _aBATCH-UPD
_b10
_c20140805
_lUCH01
_h1148
590 _aBATCH-UPD
_b10
_c20141002
_lUCH01
_h0824
590 _aCONVERSION
_b10
_c20130109
_lUCH01
_h1349
590 _aE12093SGE
_b10
_c20130621
_lUCH01
_h0917
650 1 4 _aAgricultura
_xEstudio y ensenanza.
_91474
650 1 4 _aAgricultura
_xInvestigación.
_91577
650 1 4 _aAprendizaje.
_96370
650 1 4 _aEvaluación.
_938913
650 1 4 _aUACH
_xEstudiantes.
_9115802
856 _3Finding aid
_uhttp://10.13.5.2/tesis/100702.pdf
_zTeclea aquí
901 _aBK
905 _aElisama A. H.
942 _cCD
942 _n0
949 _aTesis
_bBC
_cTES
_d100702
_eTS1
_h42930
_i100702
_sb
949 _aTesis
_bBC
_cTES
_d33724000930566
_eTS2
_fc.2
_h42931
_i100702
_sb
999 _c89174
_d89174